000 00354nam a2200169Ia 4500
100 _aThomsen/Jon J
650 _aVibrations
250 _a2
942 _cBK
366 _f20
654 _avibrations
245 _aVibrations and stability
260 _bSpringer
_aNew Delhi
_c2003
082 _a620.3/THO
_bTHO
300 _a404
546 _aENGLISH
999 _c24236
_d24236